| 000 | 00789nas a2200253 4500 | ||
|---|---|---|---|
| 001 | BR9900444 | ||
| 003 | BR-BrBNA | ||
| 005 | 20231205101213.0 | ||
| 007 | ta | ||
| 008 | 230509b bl.|||p| |||| 00| 00por d | ||
| 040 |
_aBR-BrBNA _bpor _cBiblioteca Nacional de Agricultura |
||
| 041 | _a(Pt) | ||
| 072 | _aL51 | ||
| 100 | 1 | _aBenedetti, E. | |
| 100 | 1 | _aEuqueres, L.B. | |
| 100 | 1 | _aColmanetti, A.L. | |
| 245 | 1 | _aAvaliacao nutricional de leguminosas forageiras pela tecnica de digestibilidade "in vitro" | |
| 650 | _aLeguminosa Forrageira | ||
| 650 | _aDigestibilidade In Vitro | ||
| 650 | _aValor Nutritivo | ||
| 773 | 0 |
_tVeterinaria Noticias (Brazil) _xISSN 0104-3463 _g(1998), v.4(1) p. 105-114 _wBR9900444 |
|
| 909 |
_a202311 _bLúcia _c55 _dLúcia Elande |
||
| 942 |
_2AGRIS _n0 _cANA |
||
| 999 |
_c160393 _d160393 |
||